Oficjalne symbole polskich Parków Narodowych - Statystyki

Ogólne statystyki
  • Ten quiz został rozwiązany 2 899 razy
  • Średni wynik to 14 z 23
Statystyki odpowiedzi
Symbol Park Narodowy % Poprawnych
Żubr europejski Białowieski
96%
Kozica tatrzańska Tatrzański
82%
Nietoperz Ojcowski
80%
Mewa Słowiński
75%
Trzy Korony Pieniński
73%
Dzwonek karkonoski i goryczka trójjeściowa Karkonoski
71%
Bóbr i Jezioro Wigry Wigierski
69%
Ryś Bieszczadzki
68%
Łoś Kampinoski
64%
Salamandra plamista Gorczański
59%
Konik polski Roztoczański
58%
Szczeliniec Wielki Gór Stołowych
57%
Bielik Woliński
51%
Jeleń Świętokrzyski
49%
Gęś zbożowa „Ujście Warty"
49%
Żuraw Poleski
48%
Batalion Biebrzański
47%
Orlik krzykliwy Magurski
47%
Puszczyk Wielkopolski
46%
Okrzyn jeleni Babiogórski
44%
Głuszec „Bory Tucholskie"
44%
Wydra Drawieński
44%
Błotniak stawowy Narwiański
41%
Nie znaleziono quizów pasujących do podanych kryteriów
Rozkład punktacji
Procent ludzi z każdym wynikiem
Percentyl według liczby udzielonych odpowiedzi
Twoja historia wyników
Nie rozwiązałeś tego quizu